000 00573nam a2200181 i 4500
001 82785
003 ES-MaACL
005 20230906174730.0
007 t|
008 041111s1967 sp ||||1| spa d
245 0 3 _aLa Iglesia y la ciudad
_b: 4 estudios sobre pastoral urbana y sociología parroquial /
_c[traductor, F. Gironella].
250 _a[1ª ed.].
260 _aBarcelona :
_bInstituto Católico de Estudios Sociales,
_c[1967]
300 _a166 p. ;
_c19 cm.
700 1 _aGironella, F.
_9209762
852 _aES-MaACL
_jC-33637
_bR.64901
999 _c82785
_d82785